[Event "Pardubice Czech op-C 29th"]
[Site "Pardubice"]
[Date "2018.07.28"]
[Round "9"]
[White "Omelchenko, Ivan"]
[Black "Narr, Kevin"]
[Result "1/2-1/2"]
[WhiteElo "1749"]
[BlackElo "2045"]
[PlyCount "41"]
[EventDate "2018.07.21"]
[EventType "swiss"]
[EventRounds "9"]
[EventCountry "CZE"]
[SourceTitle "CBM 186 Extra"]
[Source "ChessBase"]
[SourceDate "2018.08.24"]
[SourceVersion "1"]
[SourceVersionDate "2018.08.24"]
[SourceQuality "1"]

1. e4 c5 2. c3 e6 3. d4 d5 4. exd5 Qxd5 5. Be3 cxd4 6. cxd4 Nc6 7. Nc3 Qa5 8. Nf3 Nf6 9. Bd3 Bd7 10. 0-0 Nb4 11. Ne5 Nxd3 12. Qxd3 Rd8 13. a3 Bd6 14. b4 Qc7 15. Nb5 Qb8 16. Bg5 Bxe5 17. dxe5 Qxe5 18. Bxf6 gxf6 19. Nd6+ Ke7 20. Nxb7 Bb5 21. Nxd8 1/2-1/2